000 00974nam a22002057a 4500
999 _c36285
_d36285
003 OSt
005 20251219143820.0
008 150407b slv spa
040 _cBMC
082 _a070.49
100 _949901
_aMira Ramírez, Carlos Alexander
245 1 0 _aPasantía en Empresa de reclutamiento y selección de personal Psiconectas, S.A. de C.V., Santa Tecla, La Libertad
_b: informe final
_cCarlos Alexander Mira Ramírez
260 _aSanta Ana (El Salvador)
_bUniversidad Católica de El Salvador
_c2025
300 _a1 folleto (22 h.)
_bil. col.
_c28 cm
_e+ 1 disco compacto
500 _aPrecede al tít.: Universidad Católica de El Salvador, Facultad de Ciencias y Humanidades
502 _aTrabajo de graduación para optar al grado académico de Licenciatura en Periodismo y Comunicación Audiovisual
650 2 4 _9882
_aPeriodismo
710 2 _91075
_aUniversidad Católica de El Salvador
_bFacultad de Ciencias y Humanidades
942 _2ddc
_cTG